Top 25 Achats - PSG - Statistiques

Statistiques générales
  • Ce quiz a été pris 218 fois
  • Le résultat moyen est 14 sur 25
Statistiques - réponses
Nationalité Prix Joueur % Correct
Français - Camerounais 180,00 mio € Kylian Mbappé
99%
Brésilien 222,00 mio € Neymar Jr.
99%
Marocain - Espagnol 68,000 mio € Achraf Hakimi
90%
Français - Congolais 95,00 mio € Randal Kolo Muani
80%
Portugais 41,50 mio € Vitinha
78%
Uruguayen - Italien 64,50 mio € Edinson Cavani
72%
Portugais 59,92 mio € João Neves
66%
Équatorien 40,00 mio € Willian Pacho
64%
Portugais 38,00 mio € Nuno Mendes
63%
Argentin - Italien 63,00 mio € Ángel Di María
62%
Portugais 65,00 mio € Gonçalo Ramos
58%
Uruguayen 60,00 mio € Manuel Ugarte
57%
Français 50,00 mio € Ousmane Dembélé
56%
Brésilien - Français 42,00 mio € Thiago Silva
52%
Français - Togolais 45,00 mio € Bradley Barcola
48%
Français - Ivoirien 50,00 mio € Désiré Doué
47%
Ukrainien 63,00 mio € Ilya Zabarnyi
42%
Argentin - Italien 50,00 mio € Mauro Icardi
41%
Géorgien 70,00 mio € Khvicha Kvaratskhelia
40%
Argentin 40,00 mio € Leandro Paredes
40%
Français - Espagnol 45,00 mio € Lucas Hernández
36%
Argentin - Italien 42,00 mio € Javier Pastore
33%
Français 40,00 mio € Lucas Chevalier
30%
Brésilien - Portugais 49,50 mio € David Luiz
27%
Brésilien 40,00 mio € Lucas Moura
26%
Aucun quiz correspondant
Distribution des résultats
% des personnes avec chaque résultat
Percentile par nombre de réponses
Votre historique - résultats
Vous n’avez pas pris ce quiz